Trouvez les pays - E - Statistiques

Statistiques générales
  • Ce quiz a été pris 139 fois
    83 depuis la dernière actualisation
  • Le résultat moyen est 8 sur 9
Statistiques - réponses
Par images Réponse % Correct
Espagne
99%
États-Unis
99%
Égypte
97%
Estonie
97%
Émirats Arabes Unis
94%
Équateur
92%
Éthiopie
91%
Érythrée
77%
Eswatini
74%
Aucun quiz correspondant
Distribution des résultats
% des personnes avec chaque résultat
Percentile par nombre de réponses
Votre historique - résultats
Vous n’avez pas pris ce quiz depuis la dernière actualisation